00688nam a2200193Ia 4500008004100000020001800041050002200059082002200081100003600103245006000139250001200199260002700211300001100238440002100249500006800270650004000338952009900378999001700477121101s9999 xx 000 0 und d a970-10-2497-4 aKGF 2579 B37 1999 a345.05 B268d 1999 aBarragán Salvatierra, Carlos. aDerecho procesal penal / Carlos Barragán Salvatierra. a2a. Ed. aMéxico : McGraw-Hill a580 p. aSerie Jurídica aIncluye referencias bibliográficas (p. [553]-559) e índice. a1. PROCEDIMIENTO PENAL - MEXICO.Ì 00104070a12b12d2008-11-28l0oKGF 2579 B37 1999p12 000583r2015-04-22t1w2012-11-01yLB c86776d86776